000 00739nac a22002297a 4500
001 BR7200548
003 BR-BrBNA
005 20240815102538.0
008 230509b bl.|||m| |||| 00| 0 por d
040 _aBR-BrBNA
_bpor
072 _aC00; E30
090 _aC00
_bBR7200548
110 1 _aAssociação de Credito e Assistência Rural do Estado do Para
_9493
245 1 _aRelatório anual de atividades 1972 /
260 3 _aBelem, PA (Brasil):
_c1972.
300 _a131 p.
490 _aRelatorio - Associacao de Credito e Assistencia Rural do Estado do Para (Brazil)
650 _aDESENVOLVIMENTO AGRICOLA
650 _aASSISTENCIA TECNICA
909 _a08/2024
_bsarah
942 _cMS
999 _c263770
_d263770